000 00578nam a2200205Ia 4500
003 OSt
005 20260107155458.0
008 210210b1959 xxu||||| |||| 00| 0 eng d
040 _cAL
041 _aKannada
082 _a859/1311
100 _aBHIMA BHATTA (N)
_dಮಾಧವ ಭೀಮ ಭಟ್ಟ (ಎನ್)
_9250632
245 _aMalati madhava
_bಮಾಲತಿ ಮಾಧವ
260 _aDhAravADa
_bSamaja Pustakalalya
_c1959
650 _aMAlatI
_9250633
650 _amAdhava
_9250634
690 _aKannada Fiction
_9250635
906 _a022050
942 _2ddc
_cBK
999 _c146156
_d146156